000 01626nam a2200409 i 4500
001 000011469
003 DO-SdBNP
005 20260330112550.0
007 ta
008 091019s1998 dr a 000 m spa d
020 _a8489752486 (v.1 Encuadernada )
020 _a8489752494 (v.1 Rustica )
020 _z8489752508 (v. 2 Encuadernada)
020 _z8489752516 (v.2 Rustica)
040 _aDO-SdBNP
_bspa
_cBNPHU
_erda
041 _aspa
082 4 _aRD868.3
_bB598o
_222
245 0 0 _aFrancisco Gregorio Billini :
_bobra literaria /
_cestudio preliminar, Frank A. Roca ; cuidado de edición, Andrés Blanco Dïaz.
264 1 _aSanto Domingo, República Dominicana :
_bEdiciones de la Fundación Corripio, INC.,
_c1998.
300 _avolúmenes ;
_c24 cm.
336 _atexto
_btxt
_2rdacontent
337 _asin mediación
_bn
_2rdamedia
338 _avolumen
_bnc
_2rdacarrier
490 0 _aBiblioteca de Clásicos Dominicanos ;
_v27
500 _aIncluye referencias bibliográficas y notas al pie de las páginas
500 _aVolumen 1 tiene declaración responsable posterior: estudio preliminar de Frank A. Roca.
505 _av.1 --
_tBaní o engracia y antoñita --
_gv.2 --
_tMiscelánea.
590 _aInventariado, 2025/BT
600 1 0 _aBillini, Francisco Gregorio,
_d1844-1898
_927157
650 4 _aNovela dominicana
_9223
650 4 _aTeatro dominicano
_9637
650 4 _aLiteratura dominicana.
_967
700 1 _aRoca, Frank A.
_eestudio preliminar
_9172
700 1 _aBlanco Díaz, Andrés,
_eeditor
_4ed.
_9172
910 _aBtavárez/Validado. Control de calidad MFF
942 _2ddc
_cLBS1
999 _c11170
_d11170